Leadership and effective management

Gespeichert in:
Bibliographische Detailangaben
Hauptverfasser: Fiedler, Fred E (VerfasserIn), Chemers, Martin M (VerfasserIn)
Format: Buch
Sprache:Englisch
Veröffentlicht: Glenview Scott, Foresman and Co 1974
Schriftenreihe:Management Applications Series
Schlagworte:
Tags: Tag hinzufügen
Keine Tags, Fügen Sie den ersten Tag hinzu!

MARC

LEADER 00000nam a2200000 a 4500
001 UCR9539
003 CL-VaPUC
008 980613e19740000US |||||||||||||||||eng|d
082 0 4 |a 658.409  |b FIE  |2 21 
100 0 |a Fiedler, Fred E  |e author  |9 412174 
700 0 |a Chemers, Martin M  |e author  |9 412175 
245 1 0 |a Leadership and effective management 
300 |a 166 p 
942 |c BK 
945 |d 19980613 00:00:00  |a cmena 
260 |a Glenview  |b Scott, Foresman and Co  |c 1974 
650 0 |a Liderazgo  |9 271835 
650 7 |a ESTRUCTURA ADMINISTRATIVA  |2 CL-VaPUC  |9 268757 
650 7 |a CARACTERISTICAS ADMINISTRATIVAS  |2 CL-VaPUC  |9 341798 
650 0 |a Administración de empresas   |9 260833 
650 0 |a Autoridad   |9 257105 
650 7 |a DISCIPLINA  |2 CL-VaPUC  |9 308401 
650 0 |a Comportamiento   |9 308406 
650 0 |a Motivación   |9 315362 
583 |a last modification  |c 19980613 00:00:00  |k Rodrigo Vera 
490 0 |a Management Applications Series 
999 |c 270728  |d 270726 
952 |0 0  |1 0  |4 0  |6 658_409000000000000_FIE_1974  |7 0  |8 A  |9 305123  |a BIBGIM  |b BIBGIM  |d 2019-11-20  |i 1415751  |o 658.409 FIE 1974  |p 1415751  |r 2025-01-15  |w 2019-11-20  |y BK  |k COM